| Поле | Название | Значение |
| |
Тип записи |
c |
| |
Библиографический уровень |
m |
| 001 |
Контрольный номер |
UONB/MAIN/07ff9e62b5fb491eb32a4983692677ac |
| 005 |
Дата корректировки |
20251205103158.0 |
| 010 |
Индекс ISBN |
__ |
| d |
Цена |
50 к. |
| 9 |
Тираж |
25000 экз. |
| 071 |
Издательские номер (звукозапись и ноты) |
21 |
| a |
Номер, присвоенный агентством |
12010 |
| 100 |
Данные общей обработки |
__ |
| a |
Данные общей обработки |
20220505b1982 m##y0rusy0189 ca |
| 101 |
Язык документа |
0_ |
| a |
Язык текста |
rus |
| f |
Язык титульного листа |
rus |
| 102 |
Страна публикации |
__ |
| a |
Страна публикации |
RU |
| 125 |
Кодированные данные звукозаписи и нотных изданий |
__ |
| a |
Форма изложения нотного текста |
a |
| 128 |
Кодированные данные (звукозаписи-физические характеристики) |
__ |
| a |
Кодированные данные: Музыкальная форма и тональность или лад |
ai |
| c |
Инструменты или голоса, рекомендуемые для солистов (устаревшее) |
vu |
| 200 |
Заглавие и сведения об ответственности |
1_ |
| a |
Заглавие |
Вып. 83 |
| e |
Сведения, относящиеся к заглавию |
[перелож. для вокально-инструм. ансамбля] |
| 208 |
Область специфических сведений: ноты |
__ |
| a |
Форма изложения нотного текста |
Партитура |
| 210 |
Выходные данные |
1_ |
| d |
Дата издания |
1982 |
| 215 |
Физическое описание |
__ |
| d |
Формат |
22 см |
| a |
Объем |
70 с. |
| 327 |
Примечание о содержании |
11 |
| a |
Примечание о содержании |
Содерж. : Парцхаладзе М. Здравствуй, ровесник! / сл. Е. Горбанской. - Тихонов А. Любимая, я жду / муз. и сл. А. Тихонова. - Эшпай А. С первой встречи, с тобой : из кф. "Повесть о первой любви" / сл. Р. Регистана. - Калинка : рус. нар. песня. - Фиготин Б. Шоферы / сл. Ф. Лаубе. - Монасыпов А. Тверже шаг, солдат! / сл. М. Тазетдинова. - Саульский Ю. Два белых снега / сл. Л. Завальнюка. - Емельянов Б. До чего шумит трава / сл. Л. Завальнюка. |
| 461 |
Уровень набора |
_0 |
| 1 |
|
2001 |
| a |
|
Поем и танцуем |
| b |
|
Ноты |
| v |
|
Вып. 83 |
| 1 |
|
2101 |
| a |
|
М. |
| c |
|
Музыка |
| d |
|
1965 - |
| 1 |
|
001UONB/MAIN/4fde9fb1b77a4474bcd01598adf6aca3 |
| 464 |
Аналитический уровень |
_0 |
| 1 |
|
700 1 |
| a |
|
Парцхаладзе |
| b |
|
М. |
| 1 |
|
2001 |
| a |
|
Здравствуй, ровесник! |
| e |
|
Мы учимся в странах разных... |
| 1 |
|
702 1 |
| a |
|
Горбанская |
| b |
|
Е. |
| 4 |
|
520 |
| 464 |
Аналитический уровень |
_0 |
| 1 |
|
700 1 |
| b |
|
Тихонов |
| a |
|
А. |
| 1 |
|
2001 |
| a |
|
Любимая, я жду |
| e |
|
Мне не помеха северная вьюга... |
| 1 |
|
702 1 |
| a |
|
Тихонов |
| b |
|
А. |
| 4 |
|
520 |
| 464 |
Аналитический уровень |
_0 |
| 1 |
|
50010 |
| a |
|
Повесть о первой любви |
| i |
|
С первой встречи, с тобой |
| 1 |
|
2001 |
| a |
|
С первой встречи, с тобой |
| e |
|
Вешний сад... |
| e |
|
из кф. "Повесть о первой любви" |
| 1 |
|
700 1 |
| a |
|
Эшпай |
| b |
|
А. |
| 1 |
|
702 1 |
| a |
|
Регистан |
| b |
|
Р. |
| 4 |
|
520 |
| 464 |
Аналитический уровень |
_0 |
| 1 |
|
2001 |
| a |
|
Калинка |
| e |
|
Калинка, калинка. калинка моя!.. |
| e |
|
рус. нар. песня |
| 464 |
Аналитический уровень |
_0 |
| 1 |
|
700 1 |
| a |
|
Фиготин |
| b |
|
Б. |
| 1 |
|
2001 |
| a |
|
Шоферы |
| e |
|
У летчиков - небесные просторы... |
| 1 |
|
702 1 |
| a |
|
Фогельсон |
| b |
|
С. |
| 4 |
|
520 |
| 464 |
Аналитический уровень |
_0 |
| 1 |
|
700 1 |
| a |
|
Монасыпов |
| b |
|
А. |
| 1 |
|
2001 |
| a |
|
Тверже шаг, солдат! |
| e |
|
Спят в кроватках своих малыши... |
| 1 |
|
702 1 |
| a |
|
Тазетдинов |
| b |
|
М. |
| 4 |
|
520 |
| 464 |
Аналитический уровень |
_0 |
| 1 |
|
700 1 |
| a |
|
Саульский |
| b |
|
Ю. |
| 1 |
|
2001 |
| a |
|
Два белых снега |
| e |
|
Ломилась в окна звездная сирень... |
| 1 |
|
702 1 |
| a |
|
Завальнюк |
| b |
|
Л. |
| 4 |
|
520 |
| 464 |
Аналитический уровень |
_0 |
| 1 |
|
702 1 |
| a |
|
Завальнюк |
| b |
|
Л. |
| 4 |
|
520 |
| 1 |
|
2001 |
| a |
|
До чего шумит трава |
| e |
|
До чего шумит трава... |
| 1 |
|
700 1 |
| a |
|
Емельянов |
| b |
|
Б. |
| 512 |
Заглавие обложки |
1_ |
| a |
Заглавие обложки |
Поем и танцуем |
| 606 |
Тематические рубрики |
0_ |
| a |
Основная рубрика |
Вокально-инструментальные ансамбли |
| x |
Основная подрубрика |
Песни советских композиторов |
| x |
Основная подрубрика |
Лирические песни |
| x |
Основная подрубрика |
Эстрадные песни советских композиторов |
| 610 |
Ключевые слова |
0_ |
| a |
Ключевые слова |
эстрадные песни; танцевальная музыка; лирические песни; песни советских композиторов; вокально-инструментальные ансамбли |
| 686 |
Индексы других классификаций |
__ |
| 2 |
Код системы |
rubbk |
| a |
Классификационный индекс |
85.942.8-041я43П |
| 702 |
Вторичная интеллектуальная ответственность |
_1 |
| a |
Фамилия |
Бугринов |
| b |
Имя (инициалы) |
В. |
| 4 |
Код отношения |
220 |
| 801 |
Источник записи |
_0 |
| a |
Страна |
RU |
| b |
Организация |
Ульяновская ОНБ |
| c |
Дата составления |
20220504 |
| g |
Правила каталогизации |
RCR |
| 801 |
Источник записи |
_1 |
| a |
Страна |
RU |
| b |
Организация |
Ульяновская ОНБ |
| c |
Дата составления |
20220504 |
| g |
Правила каталогизации |
RCR |
| 901 |
Тип документа |
__ |
| t |
Тип документа |
n |
| w |
Контрольный № источника |
UONB/MAIN/4fde9fb1b77a4474bcd01598adf6aca3 |
| 909 |
Создатель записи |
__ |
| a |
Создатель записи |
Никитина Т. А. |